000 01228cam a22002771 4500
001 nowyoucanreadtoy00chil
003 CaSfIA
005 20210118193852.0
007 cr||||
008 750623s1964 nyua j 000 1 eng
035 _9(DLC) 64022540
856 4 1 _uhttp://www.archive.org/details/nowyoucanreadtoy00chil
_zFree eBook from the Internet Archive
856 4 2 _uhttp://www.openlibrary.org/books/OL5919006M
_zAdditional information and access via Open Library
010 _a 64022540
035 _a(OCoLC)1404117
040 _aDLC
_cFO
_dOCoLC
_dDLC
_dCaSfIA
042 _apremarc
050 0 0 _aPZ5.C435
_bNo
110 2 _aChild Study Association of America.
245 1 0 _aNow you can read to yourself;
_h[electronic resource]
_beasy-to-read stories.
_cIllustrated by Peter Burchard.
260 _aNew York,
_bCrowell
_c[1964]
300 _a132 p.
_billus.
_c22 cm.
942 _cEB
506 _fНеобхідна авторизація на https://archive.org/ (створення облікового запису безкоштовно)
506 _fНеобхідна авторизація на https://openlibrary.org/ (створення облікового запису безкоштовно)
999 _c531816
_d531816